000 00513ngm a2200217 4500
005 20170518163527.0
006 a|||||r|||| 00| |
008 160218b xxu||||| |||| 00| 0 spa d
041 _aspa
082 _a196 DVD
245 _aEl silencio de los inocentes
260 _aEstados Unidos
260 _aORIÓN
260 _c2004
300 _a120 minutos
650 _aPSICÓPATA
_95411
650 _aASESINOS EN SERIE
_9139
650 _aPELÍCULA
_921728
650 _a
_942756
942 _cDVD
999 _c9430
_d9430